| 000 | 00985nam a2200289 i 4500 | ||
|---|---|---|---|
| 001 | 16278 | ||
| 003 | ES-MaACL | ||
| 005 | 20230906151259.0 | ||
| 007 | t| | ||
| 008 | 000823s1999 sp ||||1| spa d | ||
| 020 | _a84-89763-51-8 | ||
| 080 | _a016:929.5 | ||
| 080 | _a016:929.6 | ||
| 080 | _a016:929.7 | ||
| 100 | 1 |
_aLuque Talaván, Miguel. _974836 |
|
| 245 | 1 | 0 |
_aBibliografía española de genealogía, heráldica, nobiliaria y derecho nobiliario en Iberoamérica y Filipinas _b: (1900-1997) / _cMiguel Luque Talaván. |
| 260 |
_a[Madrid] : _bFundación Histórica Tavera, _c[1999] |
||
| 300 |
_a172 p. ; _c24 cm. |
||
| 490 | 1 |
_aDocumentos Tavera ; _v8 |
|
| 650 | 1 | 4 |
_aGenealogía- _vBibliografías. _913046 |
| 650 | 1 | 4 |
_aHeráldica- _vBibliografías. _913313 |
| 650 | 1 | 4 |
_aNobleza- _vBibliografías. _915576 |
| 710 | 2 |
_aFundación Histórica Tavera. _94318 |
|
| 830 | 0 |
_aDocumentos Tavera ; _v8 _9179477 |
|
| 852 |
_aES-MaACL _jL-23617 _bR.128334 |
||
| 999 |
_c16278 _d16278 |
||